000 01145naa a2200277 c 4500
999 _c49427
_d49427
001 49427
003 ES-MaCES
005 20170517123621.0
008 170517s2016 sp ||||| t||||||| ||spa d
040 _aES-MaCES
_bspa
_cES-MaCES
_dES-MaCES
100 1 _919191
_aMorón Prieto, Ricardo
245 1 3 _aLa retribución de las vacaciones a la luz del derecho europeo. Correcciones del TJUE al fetichismo convencional de la jurisprudencia española
_cRicardo Morón Prieto
650 4 _929478
_avacaciones pagadas
650 4 _928381
_aprestaciones no salariales
650 4 _928362
_anegociación colectiva
650 4 _927165
_aderecho del trabajo
650 4 _927166
_alegislación del trabajo
650 4 _928624
_ajurisprudencia
650 4 _926964
_aEspaña
650 4 _929490
_aTribunal de Justicia CE
650 4 _926752
_aUE
653 1 0 _aDerecho del trabajo y Seguridad Social
773 0 _985833
_dValladolid (Avda. Reyes Católicos, 11, 47008) Lex nova
_o088731
_tInformación laboral
_w(ES-MaCES)25782
_gn. 12 (2016) {55/796 R. 088731} ;p. 133-151
902 _aART Artículo de revista
942 _2CES
_cAR
_h6.0.1.